000 00547nam a2200193Ia 4500
001 56901
008 140506s9999 xx 000 0 und d
020 _a9788184871951
040 _cPK-LaUMT
082 _a 610.28
_bBIO-
100 _aGaligekere, Ramesh R.
245 _aBiomedical engineering
_cGaligekere, Ramesh R.<>Ramakrishnan, A. G.<>Udupa, Jayaram K.
260 _aNew Delhi,India:
_bNarosa Publishing House,
_c2012
300 _a342 p.
546 _aEN
700 _aRamakrishnan, A. G.
700 _aUdupa, Jayaram K.
942 _cBK
999 _c54193
_d54193